Análisis del centro psicopedagógico Balbuena / (Record no. 2713)

MARC details
000 -CABECERA
campo de control de longitud fija 00716nam a2200193 a 4500
005 - FECHA Y HORA DE LA ÚLTIMA TRANSACCIÓN
campo de control 20240420063819.0
008 - ELEMENTOS DE LONGITUD FIJA--INFORMACIÓN GENERAL
campo de control de longitud fija 991125s1984 mx 000 0 spa u
035 ## - NÚMERO DE CONTROL DEL SISTEMA
Número de control de sistema UPN01000002713
049 ## - COLECCIÓN
Colección CG
050 #4 - SIGNATURA TOPOGRÁFICA DE LA BIBLIOTECA DEL CONGRESO
Número de clasificación LC4035 M6
Número de documento/Ítem G8.2
100 1# - ASIENTO PRINCIPAL--NOMBRE PERSONAL
Nombre de persona Guevara Rocha, Hilda Patricia
245 10 - MENCIÓN DE TÍTULO
Título Análisis del centro psicopedagógico Balbuena /
Mención de responsabilidad, etc. Hilda Patricia Guevara Rocha.
260 ## - PUBLICACIÓN, DISTRIBUCIÓN, ETC.
Lugar de publicación, distribución, etc. México :
Nombre del editor, distribuidor, etc. H. P. Guevara Rocha,
Fecha de publicación, distribución, etc. 1984.
300 ## - DESCRIPCIÓN FÍSICA
Extensión 137 h.
502 ## - NOTA DE TESIS
Nota de tesis Tesina (Lic. en Pedagogía) -- Universidad Nacional Autónoma de México. Facultad de Filosofía y Letras. Colegio de Pedagogía, 1984
650 #4 - ASIENTO SECUNDARIO DE MATERIA - TERMINO TEMATICO
Término de materia o nombre geográfico como elemento de entrada Educación especial
9 (RLIN) 3029
650 #4 - ASIENTO SECUNDARIO DE MATERIA - TERMINO TEMATICO
Término de materia o nombre geográfico como elemento de entrada NIÑOS DE LENTO APRENDIZAJE -
Subdivisión general EDUCACION
9 (RLIN) 10354
905 ## - TIPO DE MATERIAL
Tipo de material Tesis
Holdings
Estado de retiro Estado de pérdida Fuente del sistema de clasificación o colocación Estado dañado No para préstamo Código de colección Localización permanente Ubicación/localización actual Ubicación en estantería Total de préstamos Clasificación Código de barras Fecha visto por última vez Número de copia Tipo de ítem Koha
    Library of Congress Classification     Colección General Bib. Gregorio Torres Quintero Bib. Gregorio Torres Quintero Planta baja 22 LC4035 M6 G8.2 131276 31/12/2020 1 Libro